[Event "FRA-chT"]
[Site "FRA"]
[Date "1998.04.02"]
[Round "4"]
[White "Gachon, Lionel"]
[Black "Roos, Daniel"]
[Result "1/2-1/2"]
[WhiteElo "2315"]
[BlackElo "2430"]
[PlyCount "81"]
[EventDate "1998.02.06"]
[Source "ChesBase"]
[SourceDate "1998.07.07"]

1. e4 c6 2. d4 d5 3. e5 Bf5 4. Nc3 a6 5. Bd3 Bxd3 6. Qxd3 e6 7. Nf3 c5 8. dxc5
Bxc5 9. O-O Nd7 10. Na4 Ba7 11. c4 Ne7 12. Bg5 dxc4 13. Qxc4 Qc8 14. Qe4 Qc6
15. Nc3 h6 16. Bxe7 Qxe4 17. Nxe4 Kxe7 18. Nd6 Bb8 19. Rfd1 Rf8 20. Nxb7 Nxe5
21. Rac1 Nxf3+ 22. gxf3 Be5 23. b3 Rfc8 24. Na5 Rxc1 25. Rxc1 Bd6 26. Rc4 f5
27. h3 Kd7 28. Nb7 Be7 29. Nc5+ Kd6 30. Nd3 Bf6 31. Kf1 e5 32. Nb4 a5 33. Nd3
Bd8 34. Nb2 Kd5 35. Ke2 g6 36. Na4 Kd6 37. Kd3 Ra7 38. Nc3 Rd7 39. Ke2 Ke6 40.
Nb5 Be7 41. Rc6+ 1/2-1/2

[Event "FRA-chT"]
[Site "FRA"]
[Date "1998.04.02"]
[Round "4"]
[White "Giacomini, Hector"]
[Black "Apicella, Manuel"]
[Result "0-1"]
[WhiteElo "2305"]
[BlackElo "2520"]
[PlyCount "54"]
[EventDate "1998.02.06"]
[Source "ChesBase"]
[SourceDate "1998.07.07"]

1. d4 d5 2. Nf3 e6 3. c4 c6 4. Qc2 Bd6 5. e3 f5 6. Nc3 Nf6 7. Be2 O-O 8. O-O
Ne4 9. Ne5 b6 10. Nxe4 fxe4 11. f3 Bxe5 12. dxe5 exf3 13. Bxf3 Bb7 14. Bd2 Nd7
15. cxd5 exd5 16. Bg4 Nxe5 17. Rxf8+ Qxf8 18. Bf5 h6 19. Bc3 Qe7 20. Rf1 Kh8
21. Qe2 Rf8 22. Qh5 Rf6 23. Rf4 c5 24. h3 Nd3 25. Bxf6 Qxe3+ 26. Kh2 Qxf4+ 27.
Kg1 Qf2+ 0-1

[Event "FRA-chT"]
[Site "FRA"]
[Date "1998.04.02"]
[Round "4"]
[White "Glavina, Pablo"]
[Black "Chabanon, Jean Luc"]
[Result "0-1"]
[WhiteElo "2425"]
[BlackElo "2465"]
[PlyCount "64"]
[EventDate "1998.02.06"]
[Source "ChesBase"]
[SourceDate "1998.07.07"]

1. d4 Nf6 2. c4 g6 3. Nc3 Bg7 4. e4 d6 5. f3 O-O 6. Be3 e5 7. d5 c6 8. Bd3 cxd5
9. cxd5 Nh5 10. Nge2 f5 11. exf5 gxf5 12. O-O a6 13. Qd2 Nd7 14. Bxf5 Rxf5 15.
g4 Rf7 16. gxh5 Nb6 17. b3 Bh3 18. Rf2 e4 19. fxe4 Rc8 20. Rc1 Rxf2 21. Bxf2
Qf6 22. Qe3 Rf8 23. e5 Qf5 24. Ng3 Qg4 25. exd6 Rxf2 26. Nce4 Rg2+ 27. Kh1 Rc2
28. Rg1 Nxd5 29. Qd3 Nb4 30. d7 Qxd7 31. Nf6+ Kf7 32. Qxh7 Bg2+ 0-1

[Event "FRA-chT"]
[Site "FRA"]
[Date "1998.04.02"]
[Round "4"]
[White "Godena, Michele"]
[Black "Giffard, Nicolas"]
[Result "1/2-1/2"]
[WhiteElo "2500"]
[BlackElo "2395"]
[PlyCount "85"]
[EventDate "1998.02.06"]
[Source "ChesBase"]
[SourceDate "1998.07.07"]

1. e4 c6 2. d3 d5 3. Nd2 g6 4. Ngf3 Bg7 5. g3 Bg4 6. Bg2 e6 7. O-O Ne7 8. h3
Bxf3 9. Nxf3 Nd7 10. Re1 a5 11. a4 O-O 12. h4 h6 13. Be3 Kh7 14. c3 Ng8 15. Qc2
Kh8 16. Rad1 Qc7 17. Bc1 Rad8 18. d4 dxe4 19. Qxe4 Ngf6 20. Qc2 c5 21. Bf4 Qb6
22. Ne5 Nxe5 23. dxe5 Ng8 24. Bc1 Qc7 25. h5 gxh5 26. Rxd8 Rxd8 27. Qe2 b6 28.
Qxh5 Qd7 29. Bf4 Rf8 30. Qd1 Rd8 31. Qh5 Rf8 32. Qd1 Rd8 33. Qb3 Qc7 34. Bf3
Ne7 35. Kg2 Ng6 36. Qc4 Kg8 37. Bh5 Nxe5 38. Qe4 Rd5 39. Qe3 Qc6 40. Kg1 Rd3
41. Qe2 Rd5 42. Rd1 Rxd1+ 43. Qxd1 1/2-1/2

[Event "FRA-chT"]
[Site "FRA"]
[Date "1998.04.02"]
[Round "4"]
[White "Guidarelli, Laurent"]
[Black "Herb, Pascal"]
[Result "1-0"]
[WhiteElo "2225"]
[BlackElo "2345"]
[PlyCount "45"]
[EventDate "1998.02.06"]
[Source "ChesBase"]
[SourceDate "1998.07.07"]

1. e4 e5 2. Nf3 Nc6 3. Bb5 a6 4. Ba4 Bc5 5. c3 f6 6. d4 Ba7 7. O-O d6 8. Nh4
Nge7 9. Qh5+ Kf8 10. Bxc6 bxc6 11. dxe5 fxe5 12. Be3 Qe8 13. Qe2 Kg8 14. Nd2 h6
15. Bxa7 Rxa7 16. f4 exf4 17. Rxf4 Be6 18. Raf1 Rb7 19. e5 Ng6 20. Qh5 Kh7 21.
Ne4 Rb8 22. Ng5+ Kg8 23. Nxg6 1-0

[Event "FRA-chT"]
[Site "FRA"]
[Date "1998.04.02"]
[Round "4"]
[White "Hamdouchi, Hichem"]
[Black "Kelly, Bryan"]
[Result "1-0"]
[WhiteElo "2535"]
[BlackElo "2390"]
[PlyCount "73"]
[EventDate "1998.02.06"]
[Source "ChesBase"]
[SourceDate "1998.07.07"]

1. e4 e6 2. d4 d5 3. Nc3 Bb4 4. e5 Ne7 5. Nf3 b6 6. Bd2 Ba6 7. Ne2 Bxd2+ 8.
Qxd2 c5 9. c3 Nbc6 10. g3 O-O 11. Bh3 Rc8 12. O-O cxd4 13. cxd4 Na5 14. b3 Bxe2
15. Qxe2 Rc3 16. Rad1 Qd7 17. Rd2 Rfc8 18. Rfd1 Nac6 19. Bf1 Nb4 20. Ne1 a5 21.
a3 Nbc6 22. Rd3 Na7 23. Rxc3 Rxc3 24. Qb2 Qc7 25. Bc4 Rxc4 26. bxc4 dxc4 27.
Ng2 b5 28. Ne3 Nd5 29. Rc1 h6 30. Qc2 Nc6 31. Qb2 Qb6 32. a4 c3 33. Qxb5 Qxb5
34. axb5 Nxd4 35. Nxd5 Ne2+ 36. Kg2 exd5 37. b6 1-0

[Event "FRA-chT"]
[Site "FRA"]
[Date "1998.04.02"]
[Round "4"]
[White "Harovelo, Ingmar"]
[Black "Duquesnoy, Jean Philip"]
[Result "1/2-1/2"]
[WhiteElo "2285"]
[BlackElo "2240"]
[PlyCount "66"]
[EventDate "1998.02.06"]
[Source "ChesBase"]
[SourceDate "1998.07.07"]

1. Nf3 Nf6 2. g3 g6 3. Bg2 Bg7 4. O-O O-O 5. c4 d5 6. cxd5 Nxd5 7. Nc3 Nc6 8.
Ng5 Nb6 9. d3 e5 10. a3 Qe7 11. a4 a5 12. Be3 Nd4 13. Rc1 c6 14. Nge4 Be6 15.
f4 Bb3 16. Qe1 Nxa4 17. Nxa4 Bxa4 18. fxe5 Qxe5 19. Rc5 Nc2 20. Rxe5 Nxe1 21.
Nf6+ Bxf6 22. Rxf6 Nxg2 23. Kxg2 Rfe8 24. Rxe8+ Rxe8 25. Kf2 h5 26. Rd6 Bb5 27.
Bd2 a4 28. Bc3 Kf8 29. Rd7 Ba6 30. Bf6 Re6 31. Rd8+ Re8 32. Rd7 Re6 33. Rd8+
Re8 1/2-1/2

[Event "FRA-chT"]
[Site "FRA"]
[Date "1998.04.02"]
[Round "4"]
[White "Julve, Philippe"]
[Black "Letreguilly, Olivier"]
[Result "1/2-1/2"]
[WhiteElo "2235"]
[BlackElo "2240"]
[PlyCount "78"]
[EventDate "1998.02.06"]
[Source "ChesBase"]
[SourceDate "1998.07.07"]

1. d4 d6 2. e4 Nf6 3. Bd3 e5 4. Nf3 Nbd7 5. c3 g6 6. O-O Bg7 7. Na3 O-O 8. Bg5
h6 9. Bh4 a6 10. Nc2 c6 11. Re1 Qc7 12. Nd2 Re8 13. a4 b6 14. b4 Bb7 15. f3 Nh5
16. Ra3 a5 17. b5 d5 18. Bf2 c5 19. exd5 cxd4 20. cxd4 Bxd5 21. Be4 Nhf6 22.
Bxd5 Nxd5 23. Ne4 Rad8 24. Rd3 Nf4 25. Rc3 Qb8 26. Rc6 exd4 27. Bxd4 Ne5 28.
Rxb6 Qc7 29. Nf6+ Bxf6 30. Rxf6 Ne6 31. Bxe5 Qxe5 32. Rxe5 Rxd1+ 33. Ne1 Kg7
34. Rf4 Nxf4 35. Rxe8 Nd3 36. Kf1 Nc5 37. Ke2 Rb1 38. Ra8 Nxa4 39. Rxa5 Nc3+
1/2-1/2

[Event "FRA-chT"]
[Site "FRA"]
[Date "1998.04.02"]
[Round "4"]
[White "Kinsman, Andrew PH"]
[Black "Pinter, Jozsef"]
[Result "1/2-1/2"]
[WhiteElo "2430"]
[BlackElo "2590"]
[PlyCount "61"]
[EventDate "1998.02.06"]
[Source "ChesBase"]
[SourceDate "1998.07.07"]

1. e4 e5 2. Nf3 Nc6 3. Bb5 Nf6 4. O-O Nxe4 5. d4 Nd6 6. Bxc6 dxc6 7. dxe5 Nf5
8. Qxd8+ Kxd8 9. b3 a5 10. Bb2 Bb4 11. c3 Be7 12. Rd1+ Ke8 13. Nbd2 Be6 14. c4
Rd8 15. Ne4 b6 16. h3 h5 17. Kf1 h4 18. Rxd8+ Kxd8 19. Rd1+ Kc8 20. Bc1 a4 21.
Bg5 Ba3 22. Ke2 Bb2 23. Kd3 axb3 24. axb3 c5 25. Rd2 Bd4 26. b4 Bd7 27. bxc5
bxc5 28. Be3 Bc6 29. Bxd4 Nxd4 30. Neg5 f6 31. exf6 1/2-1/2

[Event "FRA-chT"]
[Site "FRA"]
[Date "1998.04.02"]
[Round "4"]
[White "Koch, Jean Rene"]
[Black "Varlet, Nicolas"]
[Result "1-0"]
[WhiteElo "2490"]
[BlackElo "2230"]
[PlyCount "87"]
[EventDate "1998.02.06"]
[Source "ChesBase"]
[SourceDate "1998.07.07"]

1. e4 e6 2. d4 d5 3. Nc3 Bb4 4. e5 b6 5. h4 Qd7 6. h5 h6 7. Nf3 Ba6 8. Bxa6
Nxa6 9. Qd3 Nb8 10. Bd2 Bf8 11. Ne2 Qa4 12. Nh4 Ne7 13. f4 Qc4 14. g4 Qxd3 15.
cxd3 g6 16. Ng3 Nbc6 17. Be3 O-O-O 18. Kd2 Rg8 19. Rhg1 Bg7 20. Raf1 Bh8 21. g5
hxg5 22. fxg5 Nf5 23. Ngxf5 exf5 24. e6 fxe6 25. Nxg6 Rxg6 26. hxg6 Rg8 27. Rf4
Rxg6 28. Rh4 Bg7 29. Rh6 Ne7 30. Rgh1 Bxh6 31. gxh6 Rg2+ 32. Kc3 Ng6 33. h7 Nh8
34. Bf4 c5 35. Be5 Nf7 36. Rh6 cxd4+ 37. Bxd4 Kd7 38. Rf6 Nh8 39. Rf8 Ng6 40.
Rg8 Rh2 41. Rxg6 Rxh7 42. Rg7+ Rxg7 43. Bxg7 Kd6 44. Kd4 1-0

[Event "FRA-chT"]
[Site "FRA"]
[Date "1998.04.02"]
[Round "4"]
[White "Laclau, Daniel"]
[Black "Vallet, Marc"]
[Result "1-0"]
[WhiteElo "2290"]
[BlackElo "2220"]
[PlyCount "71"]
[EventDate "1998.02.06"]
[Source "ChesBase"]
[SourceDate "1998.07.07"]

1. d4 Nf6 2. Nf3 d6 3. c4 g6 4. Nc3 Bg7 5. e4 O-O 6. Be2 Bg4 7. Be3 Nfd7 8. O-O
Nc6 9. d5 Bxf3 10. Bxf3 Na5 11. Be2 c5 12. Qd2 Re8 13. Rac1 a6 14. f4 Rb8 15.
b3 b6 16. Rf3 Rb7 17. Rcf1 Qb8 18. Nd1 Qc7 19. Qe1 e6 20. Rh3 Qd8 21. dxe6 fxe6
22. Nf2 Nc6 23. Bd3 Nf8 24. g4 Rf7 25. g5 Nd4 26. Ng4 Qd7 27. Qh4 e5 28. Bxd4
exd4 29. f5 h5 30. gxh6 Bh8 31. e5 gxf5 32. Qg5+ Kh7 33. Rxf5 Ng6 34. Rf6 Rxf6
35. Nxf6+ Bxf6 36. Qxg6+ 1-0

[Event "FRA-chT"]
[Site "FRA"]
[Date "1998.04.02"]
[Round "4"]
[White "Lamoureux, Charles"]
[Black "Simon, Gerard"]
[Result "1-0"]
[WhiteElo "2370"]
[BlackElo "2165"]
[PlyCount "77"]
[EventDate "1998.02.06"]
[Source "ChesBase"]
[SourceDate "1998.07.07"]

1. e4 c6 2. Nc3 d5 3. Nf3 dxe4 4. Nxe4 Bg4 5. Bc4 e6 6. h3 Bh5 7. Ng3 Bxf3 8.
Qxf3 Nf6 9. O-O Nbd7 10. Re1 Be7 11. d4 Nb6 12. Bb3 O-O 13. c3 a5 14. a4 Nbd5
15. Bc2 c5 16. dxc5 Qc7 17. Ne4 Nxe4 18. Qxe4 Nf6 19. Qh4 Qxc5 20. Bg5 h6 21.
Be3 Qh5 22. Qg3 Rfd8 23. Bf4 Rd5 24. Bb3 Rf5 25. Bd1 Qg6 26. Qxg6 fxg6 27. Rxe6
Bc5 28. Bb3 Kh7 29. Be3 Bxe3 30. Rxe3 Rd8 31. Rae1 b5 32. Re5 bxa4 33. Bxa4 Rf4
34. Bc2 a4 35. Rd1 Rb8 36. Re2 Rf8 37. Ra1 Ra8 38. g3 Rc4 39. Bb3 1-0

[Event "FRA-chT"]
[Site "FRA"]
[Date "1998.04.02"]
[Round "4"]
[White "Lecuyer, Christian"]
[Black "Pecot, Laurent"]
[Result "0-1"]
[WhiteElo "2265"]
[BlackElo "2210"]
[PlyCount "62"]
[EventDate "1998.02.06"]
[Source "ChesBase"]
[SourceDate "1998.07.07"]

1. Nf3 d5 2. d4 c5 3. e3 Nf6 4. c4 e6 5. Nc3 a6 6. cxd5 exd5 7. Be2 Nc6 8. O-O
Bd6 9. dxc5 Bxc5 10. b3 O-O 11. Bb2 Ba7 12. Rc1 Re8 13. Rc2 Bf5 14. Rd2 Ne7 15.
Qa1 Qd6 16. Nd4 Ng4 17. Bxg4 Bxg4 18. Nce2 Rad8 19. Ng3 Bb8 20. f3 Bc8 21. Rfd1
h5 22. Nf1 h4 23. Ne2 Qh6 24. e4 h3 25. g3 Bc7 26. Qc1 Bb6+ 27. Bd4 dxe4 28.
fxe4 Bg4 29. Bf2 Qf6 30. Ne3 Bxe3 31. Bxe3 Qf3 0-1

[Event "FRA-chT"]
[Site "FRA"]
[Date "1998.04.02"]
[Round "4"]
[White "Lefebvre, Herve"]
[Black "De Sousa, Jose"]
[Result "0-1"]
[WhiteElo "2125"]
[BlackElo "2230"]
[PlyCount "54"]
[EventDate "1998.02.06"]
[Source "ChesBase"]
[SourceDate "1998.07.07"]

1. d4 Nf6 2. c4 e6 3. Nc3 Bb4 4. Qc2 O-O 5. Nf3 b6 6. Bg5 Bb7 7. e3 h6 8. Bxf6
Qxf6 9. Be2 c5 10. O-O Bxc3 11. Qxc3 Nc6 12. Rac1 cxd4 13. exd4 Rac8 14. b4 d6
15. b5 Ne7 16. Qa3 Nf5 17. Qxa7 Bxf3 18. Bxf3 Nxd4 19. Bd1 Qg5 20. Qxb6 Qxc1
21. Qxd4 Qxc4 22. Qb2 Qc3 23. Qb1 Qa3 24. Bb3 Rc3 25. g3 Rb8 26. Qe4 Rxb5 27.
Bxe6 Re5 0-1

[Event "FRA-chT"]
[Site "FRA"]
[Date "1998.04.02"]
[Round "4"]
[White "Legky, Nikolay A"]
[Black "Bacrot, Etienne"]
[Result "0-1"]
[WhiteElo "2480"]
[BlackElo "2565"]
[PlyCount "100"]
[EventDate "1998.02.06"]
[Source "ChesBase"]
[SourceDate "1998.07.07"]

1. d4 Nf6 2. Nf3 e6 3. Bg5 b6 4. e3 h6 5. Bh4 Bb7 6. Nbd2 d6 7. Bd3 g5 8. Bg3
g4 9. Nh4 Rg8 10. h3 Nh5 11. hxg4 Nxg3 12. fxg3 Qg5 13. Kf2 h5 14. Ne4 Bxe4 15.
Bxe4 d5 16. Bd3 hxg4 17. Qe2 Bd6 18. Qe1 Nd7 19. Bb5 c5 20. c3 a6 21. Bxd7+
Kxd7 22. Rd1 b5 23. Rf1 f5 24. Kg1 Rg7 25. Rf4 cxd4 26. Rfxd4 Qf6 27. c4 bxc4
28. Rxc4 Qe5 29. Rf4 Rc8 30. Qf2 Rc5 31. b4 Rc3 32. e4 fxe4 33. Qa7+ Rc7 34.
Qxa6 Qc3 35. Rxe4 Qxg3 36. Qb5+ Rc6 37. Qb7+ Bc7 38. b5 Qh2+ 39. Kf1 Qh1+ 40.
Ke2 Rc2+ 41. Rd2 Qc1 42. Red4 Rg5 43. Ng6 Rxg6 44. Rxd5+ exd5 45. Qxd5+ Bd6 46.
Qf7+ Kd8 47. Qf8+ Kc7 48. b6+ Kxb6 49. Qd8+ Bc7 50. Qd4+ Ka5 0-1

[Event "FRA-chT"]
[Site "FRA"]
[Date "1998.04.02"]
[Round "4"]
[White "Mancini, Mario"]
[Black "Sellos, Didier"]
[Result "1/2-1/2"]
[WhiteElo "2320"]
[BlackElo "2405"]
[PlyCount "132"]
[EventDate "1998.02.06"]
[Source "ChesBase"]
[SourceDate "1998.07.07"]

1. d4 Nf6 2. c4 e6 3. Nc3 Bb4 4. e3 c5 5. Bd3 Nc6 6. Nf3 Bxc3+ 7. bxc3 d6 8. e4
e5 9. d5 Ne7 10. Nh4 h6 11. Qe2 Bg4 12. f3 Bd7 13. Be3 Qa5 14. Qd2 O-O-O 15. g3
g5 16. Ng2 Rdg8 17. Kf2 Nh5 18. g4 Nf4 19. h4 Neg6 20. h5 Nxg2 21. Kxg2 Nf4+
22. Kf2 Nxd3+ 23. Qxd3 Ba4 24. Rhb1 f6 25. Rb2 Rh7 26. Rab1 b6 27. Bd2 Rb7 28.
Be1 Kc7 29. Qe2 Rgb8 30. Qd3 Qa6 31. Qe2 Ra8 32. Qd3 Rbb8 33. Qe2 Rb7 34. Qd3
Rab8 35. Qe2 b5 36. cxb5 Bxb5 37. Qd2 Bc4 38. Rxb7+ Rxb7 39. Rxb7+ Kxb7 40.
Qb2+ Kc7 41. a3 Qa4 42. Kg3 Qd1 43. Kf2 Qd3 44. Kg3 Qf1 45. Bf2 Qh1 46. Be3 a5
47. Qf2 Bf1 48. Qh2 Qxh2+ 49. Kxh2 Kb6 50. c4 Bxc4 51. Kg2 Kb5 52. Kf2 Bd3 53.
Bd2 Ka4 54. Ke3 c4 55. Bc3 Bf1 56. Kf2 Bd3 57. Kg3 Bf1 58. Kf2 Bd3 59. Ke3 Bc2
60. Kd2 Bb1 61. Ke3 Bd3 62. Be1 Bc2 63. Ke2 Bb3 64. Bc3 Kxa3 65. Bxa5 Kb2 66.
Kd2 Ba4 1/2-1/2

[Event "FRA-chT"]
[Site "FRA"]
[Date "1998.04.02"]
[Round "4"]
[White "Marcelin, Cyril"]
[Black "Palac, Mladen"]
[Result "0-1"]
[WhiteElo "2375"]
[BlackElo "2545"]
[PlyCount "98"]
[EventDate "1998.02.06"]
[Source "ChesBase"]
[SourceDate "1998.07.07"]

1. e4 c5 2. Nf3 d6 3. c3 Nf6 4. Bc4 Nc6 5. Qe2 Bg4 6. h3 Bxf3 7. Qxf3 g6 8. d3
Bg7 9. O-O O-O 10. Bb3 b5 11. a3 Rb8 12. Be3 c4 13. Bc2 cxd3 14. Bxd3 Ne5 15.
Qe2 Nxd3 16. Qxd3 Qc7 17. Nd2 Rfd8 18. Rfe1 a6 19. Bg5 Re8 20. Bxf6 Bxf6 21.
Nf1 a5 22. Ne3 e6 23. Re2 Red8 24. Rc2 Bg5 25. Rd1 Qb6 26. Re2 b4 27. axb4 axb4
28. c4 b3 29. Qd4 Qb4 30. g3 Bh6 31. Kg2 Ra8 32. f4 Bg7 33. Qd3 Ra2 34. Rdd2
Rc8 35. Rf2 Qb7 36. Kh2 Ra1 37. Rd1 Rca8 38. Rfd2 h5 39. Rxa1 Rxa1 40. Nd1 Rc1
41. h4 Qc6 42. Qxb3 Qxe4 43. Qd3 Qe1 44. Qxd6 Rxc4 45. Nc3 Bxc3 46. bxc3 Rxc3
47. f5 Rxg3 48. Qf8+ Kxf8 49. Rd8+ Kg7 0-1

[Event "FRA-chT"]
[Site "FRA"]
[Date "1998.04.02"]
[Round "4"]
[White "Marchand, Francois"]
[Black "Gouret, Thierry"]
[Result "0-1"]
[WhiteElo "2305"]
[BlackElo "2275"]
[PlyCount "77"]
[EventDate "1998.02.06"]
[Source "ChesBase"]
[SourceDate "1998.07.07"]

1. d4 e6 2. c4 f5 3. g3 Nf6 4. Bg2 d5 5. Qc2 c6 6. Nh3 Bd6 7. Nd2 O-O 8. O-O
Bd7 9. Nf3 Na6 10. Bf4 Be7 11. Ne5 Ng4 12. f3 Nxe5 13. Bxe5 Nb4 14. Qb3 dxc4
15. Qxc4 Nd5 16. Qb3 Qb6 17. Qxb6 axb6 18. e4 Nb4 19. a3 Nd3 20. exf5 exf5 21.
Rab1 Nxe5 22. dxe5 Be6 23. Rfd1 g5 24. f4 h6 25. Kf1 Rfd8 26. Ke1 Bb3 27. Rd2
b5 28. Bf1 Kf7 29. Bd3 Ke6 30. Bc2 Bc4 31. b3 Bd5 32. Re2 Bxa3 33. g4 Bb4+ 34.
Kf1 fxg4 35. f5+ Kf7 36. Nf2 Bf3 37. Re3 Bc5 38. Rd3 Rxd3 39. Nxd3 0-1

[Event "FRA-chT"]
[Site "FRA"]
[Date "1998.04.02"]
[Round "4"]
[White "Miralles, Gilles"]
[Black "Toulzac, Pierre Yves"]
[Result "1/2-1/2"]
[WhiteElo "2520"]
[BlackElo "2265"]
[PlyCount "46"]
[EventDate "1998.02.06"]
[Source "ChesBase"]
[SourceDate "1998.07.07"]

1. d4 Nf6 2. c4 e5 3. dxe5 Ne4 4. a3 b6 5. Nd2 Bb7 6. Nxe4 Bxe4 7. Bf4 Qe7 8.
e3 Bb7 9. Qc2 g6 10. Nf3 Bg7 11. Be2 Nc6 12. Bg5 Qe6 13. O-O-O O-O 14. h4 h5
15. Bf4 Bxe5 16. Nxe5 Nxe5 17. Bxe5 Qxe5 18. Rxd7 Rad8 19. Rhd1 Rxd7 20. Rxd7
Bxg2 21. Bd3 Bc6 22. Rd4 Kg7 23. Qc3 Re8 1/2-1/2

[Event "FRA-chT"]
[Site "FRA"]
[Date "1998.04.02"]
[Round "4"]
[White "Muller, Anne"]
[Black "Guadalpi, Celine"]
[Result "1-0"]
[WhiteElo "2115"]
[BlackElo "2005"]
[PlyCount "65"]
[EventDate "1998.02.06"]
[Source "ChesBase"]
[SourceDate "1998.07.07"]

1. e4 e6 2. d4 d5 3. Nd2 dxe4 4. Nxe4 Bd7 5. Nf3 Bc6 6. Bd3 Nd7 7. O-O Be7 8.
c3 Ngf6 9. Ned2 O-O 10. Nc4 Be4 11. Re1 Bxd3 12. Qxd3 c5 13. Qe2 Re8 14. h3 h6
15. Bf4 Nb6 16. Nce5 Bd6 17. Rad1 Qe7 18. Bg3 Rad8 19. a3 a6 20. Rd2 Qc7 21.
dxc5 Bxc5 22. Red1 Rxd2 23. Rxd2 Qe7 24. b4 Bd6 25. Ng6 fxg6 26. Bxd6 Qd7 27.
Ne5 Qa4 28. c4 Nc8 29. Qf3 b6 30. Qb7 Nxd6 31. Rxd6 Qc2 32. Qf3 Ne4 33. Qf7+
1-0

[Event "FRA-chT"]
[Site "FRA"]
[Date "1998.04.02"]
[Round "4"]
[White "Popovic, Petar"]
[Black "Lepelletier, Benoit"]
[Result "1-0"]
[WhiteElo "2525"]
[BlackElo "2455"]
[PlyCount "81"]
[EventDate "1998.02.06"]
[Source "ChesBase"]
[SourceDate "1998.07.07"]

1. e4 c5 2. Nf3 e6 3. d4 cxd4 4. Nxd4 Nf6 5. Nc3 d6 6. g3 Be7 7. Bg2 O-O 8. O-O
a6 9. Be3 Qc7 10. g4 Nc6 11. g5 Nd7 12. f4 Re8 13. Kh1 Rb8 14. a4 b6 15. Qh5 g6
16. Qh3 Bf8 17. Rad1 Bb7 18. f5 Nxd4 19. Bxd4 Ne5 20. Rf4 b5 21. axb5 axb5 22.
Rdf1 Ba8 23. Rh4 h5 24. gxh6 Kh7 25. fxe6 Rxe6 26. Rhf4 Re7 27. Nd1 Rd8 28. Ne3
Rdd7 29. c3 Bb7 30. Qh4 Qb8 31. R4f2 Bxh6 32. Bxe5 dxe5 33. Ng4 Qf8 34. Rf3 f5
35. Rh3 fxg4 36. Rxf8 gxh3 37. Bxh3 g5 38. Bf5+ Kg7 39. Rg8+ Kxg8 40. Qxh6 Rd1+
41. Kg2 1-0

[Event "FRA-chT"]
[Site "FRA"]
[Date "1998.04.02"]
[Round "4"]
[White "Poulton, James"]
[Black "Prie, Eric"]
[Result "1-0"]
[WhiteElo "2365"]
[BlackElo "2470"]
[PlyCount "177"]
[EventDate "1998.02.06"]
[Source "ChesBase"]
[SourceDate "1998.07.07"]

1. d4 d5 2. c4 c6 3. Nc3 Nf6 4. Nf3 e6 5. Bg5 dxc4 6. e4 b5 7. e5 h6 8. Bh4 g5
9. Nxg5 hxg5 10. Bxg5 Nbd7 11. exf6 Bb7 12. Be2 Qc7 13. Bf3 O-O-O 14. Qc2 Bh6
15. Bxh6 Rxh6 16. h4 Rdh8 17. g3 c5 18. Bxb7+ Qxb7 19. Qe4 Nxf6 20. Qxb7+ Kxb7
21. Nxb5 Kc6 22. Na3 cxd4 23. Nxc4 Kd5 24. Rc1 Ne4 25. Nd2 Nc5 26. O-O Rg6 27.
Nf3 Rg4 28. b4 Na6 29. a3 f6 30. Rc2 e5 31. Rfc1 Nb8 32. Rc7 a6 33. Rb7 Rgg8
34. Rb6 Nd7 35. Rxa6 Ra8 36. Rcc6 Rxa6 37. Rxa6 e4 38. Nxd4 Nb8 39. Rxf6 Kxd4
40. b5 Kc5 41. Rf5+ Kd6 42. a4 Nd7 43. a5 Ke6 44. Rg5 Ne5 45. Kf1 Rc8 46. a6
Rc1+ 47. Kg2 Ra1 48. Rg8 Nd7 49. h5 Nf6 50. h6 Ra2 51. Re8+ Kf7 52. h7 Nxh7 53.
Rxe4 Nf6 54. Rc4 Ke7 55. Rc7+ Nd7 56. g4 Kd8 57. Rc1 Rb2 58. Ra1 Nb6 59. a7 Na8
60. Kg3 Rxb5 61. f4 Ke7 62. g5 Kf7 63. Kg4 Kg7 64. Ra6 Rb4 65. Ra5 Kh7 66. Ra1
Kg7 67. Ra6 Kh7 68. Kf5 Kg7 69. Ra5 Rb6 70. Ke5 Kg6 71. Rd5 Rb7 72. Rd6+ Kg7
73. Ra6 Re7+ 74. Kd6 Rf7 75. Ra4 Kg6 76. Ke6 Rb7 77. Ra6 Rc7 78. Ke5+ Kg7 79.
f5 Rb7 80. Ke6 Nc7+ 81. Kd6 Na8 82. Ra1 Rf7 83. Ke6 Nc7+ 84. Ke5 Na8 85. Kf4
Rb7 86. g6 Rb2 87. Rd1 Rf2+ 88. Kg4 Nb6 89. Rb1 1-0

[Event "FRA-chT"]
[Site "FRA"]
[Date "1998.04.02"]
[Round "4"]
[White "Rechlis, Gad"]
[Black "Kosten, Anthony C"]
[Result "1-0"]
[WhiteElo "2520"]
[BlackElo "2535"]
[PlyCount "65"]
[EventDate "1998.02.06"]
[Source "ChesBase"]
[SourceDate "1998.07.07"]

1. c4 Nf6 2. Nc3 e5 3. Nf3 Nc6 4. a3 g6 5. g3 Bg7 6. Bg2 O-O 7. O-O d6 8. d3 a5
9. Rb1 h6 10. b4 axb4 11. axb4 Be6 12. b5 Ne7 13. Nd2 Qc8 14. Qb3 Bh3 15. b6
Bxg2 16. Kxg2 c6 17. Nde4 Nf5 18. Nxf6+ Bxf6 19. Bd2 Qe6 20. Ra1 Rxa1 21. Rxa1
e4 22. dxe4 Bxc3 23. Qxc3 Qxe4+ 24. Qf3 Qxc4 25. e4 Nd4 26. Qf6 Ne6 27. Bc3 Kh7
28. Re1 c5 29. Re3 Nd4 30. Qxd6 Ra8 31. Qc7 Qb5 32. Qxb7 Ra3 33. Qd5 1-0

[Event "FRA-chT"]
[Site "FRA"]
[Date "1998.04.02"]
[Round "4"]
[White "Regan, Natasha"]
[Black "Flear, Christine"]
[Result "0-1"]
[WhiteElo "2160"]
[BlackElo "2240"]
[PlyCount "82"]
[EventDate "1998.02.06"]
[Source "ChesBase"]
[SourceDate "1998.07.07"]

1. e4 c5 2. d4 cxd4 3. c3 Nf6 4. e5 Nd5 5. Nf3 Nc6 6. Bc4 Nb6 7. Bb3 g6 8. Ng5
d5 9. exd6 e6 10. Qf3 f5 11. O-O Bxd6 12. Nxe6 Bxe6 13. Bxe6 Bxh2+ 14. Kxh2
Qd6+ 15. Bf4 Qxe6 16. cxd4 O-O 17. Nc3 Nxd4 18. Qxb7 Rf7 19. Qa6 Qf6 20. Be3
Nc2 21. Rad1 Nxe3 22. fxe3 Qe5+ 23. Kh1 Qxe3 24. Rf3 Qe5 25. a4 Re8 26. a5 Nd7
27. Qc4 Nf6 28. b4 Ng4 29. Qf4 Qf6 30. Nd5 Qh4+ 31. Kg1 Re1+ 32. Rxe1 Qxe1+ 33.
Rf1 Qe2 34. Rc1 Qd3 35. Nc7 Re7 36. b5 Re4 37. Qg5 Qd4+ 38. Kh1 Nf2+ 39. Kh2
Rh4+ 40. Kg3 Rg4+ 41. Qxg4 Nxg4 0-1

[Event "FRA-chT"]
[Site "FRA"]
[Date "1998.04.02"]
[Round "4"]
[White "Relange, Eloi"]
[Black "Stromer, Alexander"]
[Result "1-0"]
[WhiteElo "2490"]
[BlackElo "2300"]
[PlyCount "61"]
[EventDate "1998.02.06"]
[Source "ChesBase"]
[SourceDate "1998.07.07"]

1. e4 d5 2. exd5 Qxd5 3. Nc3 Qa5 4. d4 c6 5. Bc4 Bf5 6. Nf3 Nf6 7. Bd2 e6 8.
Qe2 Bb4 9. O-O Nbd7 10. a3 Bxc3 11. Bxc3 Qc7 12. Ba2 O-O-O 13. b4 Kb8 14. Bb2
Nb6 15. Bb3 Nbd5 16. g3 Bg4 17. c4 Ne7 18. Kg2 Ng6 19. h3 Bf5 20. Rad1 h5 21.
Ne5 h4 22. Nxg6 fxg6 23. g4 Be4+ 24. Kg1 Qf4 25. f3 g5 26. Bc1 Qc7 27. Bxg5 Bg6
28. Qe5 Qxe5 29. dxe5 Rxd1 30. Rxd1 Nh7 31. Bxh4 1-0

[Event "FRA-chT"]
[Site "FRA"]
[Date "1998.04.02"]
[Round "4"]
[White "Salus, Stephane"]
[Black "Roos, Louis"]
[Result "0-1"]
[WhiteElo "2200"]
[BlackElo "2360"]
[PlyCount "72"]
[EventDate "1998.02.06"]
[Source "ChesBase"]
[SourceDate "1998.07.07"]

1. d4 Nf6 2. c4 e6 3. Nf3 b6 4. Nc3 Bb7 5. a3 d5 6. Bg5 Be7 7. Qa4+ c6 8. cxd5
exd5 9. Bxf6 Bxf6 10. g3 O-O 11. Bg2 Re8 12. O-O Nd7 13. Bh3 Re7 14. Rfd1 Qe8
15. Rd2 g6 16. Rc1 Bg7 17. Qd1 f5 18. b4 Nf6 19. Rb2 Ne4 20. e3 c5 21. bxc5
bxc5 22. Na4 c4 23. Nc3 Bc6 24. Ne1 Nxc3 25. Rxc3 Rb8 26. Rxb8 Qxb8 27. Nd3 a5
28. Nf4 Bh6 29. Bg2 Bxf4 30. gxf4 Rb7 31. Rc1 Rb2 32. h4 Qb3 33. Qf3 Rb1 34.
Rxb1 Qxb1+ 35. Kh2 c3 36. h5 c2 0-1

[Event "FRA-chT"]
[Site "FRA"]
[Date "1998.04.02"]
[Round "4"]
[White "Samara, Fred"]
[Black "Gueneau, Christophe"]
[Result "1-0"]
[WhiteElo "2195"]
[BlackElo "2175"]
[PlyCount "87"]
[EventDate "1998.02.06"]
[Source "ChesBase"]
[SourceDate "1998.07.07"]

1. e4 e5 2. Nf3 Nf6 3. d3 Nc6 4. Be2 d5 5. Nbd2 Be7 6. O-O O-O 7. c3 Be6 8. Qc2
a5 9. Re1 Re8 10. Nf1 a4 11. Ng5 Bc8 12. Ng3 h6 13. Nf3 Bf8 14. Bd2 Be6 15. Bf1
Qd7 16. h3 g6 17. exd5 Bxd5 18. Ne4 Qd8 19. b4 axb3 20. axb3 Nd7 21. b4 f5 22.
Ng3 Rxa1 23. Rxa1 Qf6 24. b5 Ne7 25. c4 Bf7 26. Bc3 Nc8 27. Be2 g5 28. d4 e4
29. d5 Qg6 30. Nd4 Nd6 31. Ne6 Nf6 32. Nxc7 Rc8 33. b6 f4 34. Nf1 Nd7 35. Qb2
f3 36. gxf3 exf3 37. Bxf3 Nxc4 38. Qb5 Nce5 39. Bg2 Bd6 40. Ng3 Qd3 41. Qxd3
Nxd3 42. Nf5 Nxb6 43. Nxd6 Rxc7 44. Ba5 1-0